| 000 | 00927nam a2200241 a 4500 | ||
|---|---|---|---|
| 999 |
_c20374 _d20374 |
||
| 005 | 20181212091435.0 | ||
| 008 | 181212s2018 ck ||||r|||| 00| e spa d | ||
| 020 | _a9789587591507 | ||
| 040 |
_aCO-BoIAVH _cCO-BoIAVH |
||
| 041 | 0 | _aspa | |
| 044 | _ack | ||
| 082 | 0 | 4 |
_a325.3861 _bV15c |
| 100 | 1 |
_aValencia Llano, Albeiro _eautor |
|
| 245 | 0 | 0 |
_aColonización antiqueña y vida cotidiana: construcción de la región caldense / _bAlbeiro Valencia Llano |
| 250 | _aEdición ampliada | ||
| 260 |
_aManizales (Colombia) : _bUniversidad de Caldas : _bBanco de la República, _c2018. |
||
| 300 |
_a450 páginas ; _c21 x 14 cm. |
||
| 500 | _aIncluye glodsario de términos. | ||
| 650 | 2 | 6 |
_aCambio social _zAntioquia (Departamento, Colombia) |
| 650 | 2 | 6 |
_aDesarrollo regional _zAntioquia (Departamento, Colombia) |
| 651 | 2 | 6 |
_aAntioquia (Colombia) _xColonización _xHistoria |
| 942 |
_2ddc _cLIBRO |
||